| 000 | 01342nam a2200277 c 4500 | ||
|---|---|---|---|
| 999 |
_c121038 _d121038 |
||
| 003 | BLK | ||
| 005 | 20241206005451.0 | ||
| 008 | 180409b bul|||||r ||||||| ||bul|| | ||
| 010 | _aKNG00126659000 | ||
| 040 | _aBLK | ||
| 041 |
_aBUL _cBUL |
||
| 080 |
_aБългарска литература _b821.163.2 _x-1(082.2) _z821.163.2-1(082.2) |
||
| 139 |
_aАнтология на българската поезия _bА 75 |
||
| 245 | 1 | 0 |
_aАнтология на българската поезия _bВ 3 т. _cред. кол. Елисавета Багряна. _nТ. 3 |
| 257 | _aBGR | ||
| 260 |
_aСофия _bБълг. писател _fВ. Търново : Д. Найденов _c1981 - |
||
| 300 | _c23 см | ||
| 380 | _aX | ||
| 500 | _aДруги ред. : В. Голев, Ив. Давидков, П. Данчев, Г. Джагаров, П. Динеков, Е. Евтимов, М. Исаев, Л. Левчев, Д. Методиев, М. Шопкин. | ||
| 700 |
_aБагряна, Елисавета _d1893-1991 _qБелчева, Елисавета Любомирова _9364149 |
||
| 760 | 1 |
_d1982 _h623 с. : с портр. _tТ. 3 |
|
| 852 |
_aЦб 111846 _bЦб |
||
| 942 |
_cKNG _n0 _s1 |
||
| 944 |
_aCR _c24.01.2012 _lCRON CRON _k |
||
| 944 |
_aED _c2022-03-22 _kГГГ |
||